000 00569nam a22001697a 4500
005 20180710162322.0
010 _aENG-123433
020 _a9788178245294
_c695.00
035 _aEN-106965
037 _bDBAD/PUB
082 _a820.9
245 _aNationalism in the vernacular :
_ced. by Shobna Nijhawan
_bhindi, urdu, and the literature of indian freedom /
260 _aRanikhet
_bPermanent Black
_c2018
270 _aHimalayana, Mall Road, Ranikhet Cantt.
_bRanikhet
_e263645
300 v _axvii,517p.
_c21cm(pbk)
942 _2ddc
_cEN
_mNAT
_h820.9
999 _c153788
_d153788